Ikrek hava Sőtér István évtizedei /
Elmentve itt :
| Szerző: | |
|---|---|
| Dokumentumtípus: | Cikk |
| Megjelent: |
1983-08-20
|
| Sorozat: | Délmagyarország
73 No. 197 |
| Kulcsszavak: | Sőtér István |
| Online Access: | http://dmarchiv.bibl.u-szeged.hu/99849 |
| LEADER | 00455nab a2200157 i 4500 | ||
|---|---|---|---|
| 001 | delm99849 | ||
| 005 | 20190626105523.0 | ||
| 008 | 190626s1983 hu o 0|| hun d | ||
| 040 | |a SZTE Délmagyarország Archívum |b hun | ||
| 041 | |a hun | ||
| 100 | 1 | |a Tandi Lajos | |
| 245 | 1 | 0 | |a Ikrek hava |h [elektronikus dokumentum] : |b Sőtér István évtizedei / |c Tandi Lajos |
| 260 | |c 1983-08-20 | ||
| 300 | |a 8 | ||
| 490 | 0 | |a Délmagyarország |v 73 No. 197 | |
| 695 | |a Sőtér István | ||